00885nam a2200241 a 450000100060000000300080000600500170001400800410003102000170007203500190008904000320010804100080014008200290014810000270017724501310020426000510033530000260038650400670041265000460047965000430052565100530056870000220062136178BD-RjUL20211209052439.0160516s1992 ii b 001 0 eng  a8171004121 : a(BD-RjUL)36275 aDLCcDLCdDLCdBD-RjULbeng aeng00a324.25484 223bSUR 19921 aRam, D. Sundar d1960-10aRole of opposition parties in Indian politics :bthe Andhra Pradesh experience /cD. Sundar Ram ; foreword by S. Jaipal Reddy. aNew Delhi :bDeep & Deep Publications,cc1992. axix, 316 p. ;c22 cm. aIncludes bibliographical references (p. [269]-312). and index. 0aPolitical partieszIndiazAndhra Pradesh. 0aCabinet systemzIndiazAndhra Pradesh. 0aAndhra Pradesh (India)xPolitics and government. aReddy, S. Jaipal